1129 1766 1477 1666 1614 1496 1716 1225 1686 1964 1860 1421 1671 1696 1264 1749 1119 1953 1019 1843 1477 1452 1913 1084 1745 1352 1441 1438 1562 1859 1988 1220 1121 1704 1792 1776 1885 1461 1905 1395 1594 1254 1521 1146 1827 1911 1612 1921 1304 1875 1169 1364 1877 1852 1371 1430 1994 2000 1377 1598 1151 1016 1639 1495 1561 1039 1019 1785 1229 1676 1884 1566 1791 1392 1712 1371 1498 1626 1324 1080 1491 1615 1523 1405 1036 1353 1188 1797 1485 1146 1178 1060 1905 1814 1807 1113 1013 1808 1128 BCNSPRNW ULIB Ver.6.0+V

เปลี่ยนเป็นภาษาไทย

Change to English
 แสดงรายละเอียดบรรณานุกรม
  กลับหน้าหลัก

Brief Record : Get Marc (ISO 2709) : E-mail record : QR code < ปิดหน้าต่าง
LEADER : 00000nam 2200000uu 4500
001    13399113517
003     ULIB
008    111123s2553||||th 000 0 tha d
020    ^a9786167210157
090    ^aนว.^bก823พ 2553
100 0  ^aจิน่า โชวอลเตอร์
245 00 ^aเพลิงรักผลาญใจ = Savor Me Slowly/^cจิน่า โชวอลเตอร์
250    ^aพิมพ์ครั้งที่ 1
260    ^aกรุงเทพฯ :^bวรวุฒิการพิมพ์,^c2553
300    ^a336 หน้า
710 1  ^aวรวุฒิการพิมพ์
945    ^p240^l0^i028032
995    ^aทศพร
999 ^a ทศพร
รายการนี้ยังไม่มีแท็ก
คุณยังไม่ได้ล็อกอิน คุณสามารถมีกิจกรรมร่วมกับเว็บไซต์ได้ แต่ต้องล็อกอินก่อน ::
  ล็อกอิน

รายการสื่อสารสนเทศ

ลำดับที่ ประเภท เลขเรียก/บาร์โค้ด สถานที่ สถานะ
1. นวนิยาย
นวนิยาย
นว. ก823พ 2553 ฉ.1 
  Barcode: 028032
ห้องสมุดวิทยาเขตสวรรค์ประชารักษ์
►นวนิยาย
บนชั้น
  ขอยืม

BibComment


ยังไม่เคยถูกคอมเมนท์

คอมเมนท์ทรัพยากรรายการนี้
  คอมเมนท์: เพลิงรักผลาญใจ ..


 Copyright 2026. Bcnsprnw @Library